Novell Netware 3.11 /

Gespeichert in:
Bibliographische Detailangaben
1. Verfasser: Dočekal, Daniel (Verfasst von)
Format: Buch
Sprache:Tschechisch
Veröffentlicht: Praha : PLUS Publishing, 1992
Tags: Tag hinzufügen
Keine Tags, Fügen Sie das erste Tag hinzu!

MARC

LEADER 00000nam a22000003a 4500
001 stu26785
005 20150617225739.4
008 921021s1992----cs------------------cze-d
020 |a 80-85297-37-X 
040 |a STU  |b slo 
041 0 |a cze 
044 |a cs 
080 |a 519.768.2 
100 1 |a Dočekal, Daniel  |4 aut 
245 1 |a Novell Netware 3.11 /  |c [aut]Dočekal,Daniel 
260 |a Praha :  |b PLUS Publishing,  |c 1992 
300 |a 8,920 s 
996 |c V*40867/O-17288  |l VV9  |s P  |a 0  |w stu26785_0001